Baba's Vaani: (Record no. 19176)

MARC details
000 -LEADER
fixed length control field 00951nam a22002297a 4500
008 - FIXED-LENGTH DATA ELEMENTS--GENERAL INFORMATION
fixed length control field 081126t xxu||||| |||| 00| 0 eng d
010 ## - LCCN (DPL NO)
LC control number ENG-91856
020 ## - INTERNATIONAL STANDARD BOOK NUMBER
International Standard Book Number 9788120738591
Terms of availability 200.00
035 ## - SYSTEM CONTROL NUMBER
System control number EN-75389
037 ## - SOURCE OF ACQUISITION
Source of stock number/acquisition DBAD / PUB
040 ## - CATALOGING SOURCE
Original cataloging agency dpl
Language of cataloging English
082 ## - DEWEY DECIMAL CLASSIFICATION NUMBER
Classification number 230.35
245 ## - TITLE STATEMENT
Title Baba's Vaani:
Statement of responsibility, etc compiled by Vinny Chitluri
Remainder of title his sayings and teachings /
260 ## - PUBLICATION, DISTRIBUTION, ETC. (IMPRINT)
Place of publication, distribution, etc New Delhi
Name of publisher, distributor, etc Sterling Paperbacks
Date of publication, distribution, etc 2008
270 ## - ADDRESS
Address A-59, Okhla Industrial Area, Phase-II,
City New Delhi
Postal code 110020
300 ## - PHYSICAL DESCRIPTION
Extent xii, 164p.
Dimensions 23cm (pbk)
Other physical details col. photos
600 ## - SUBJECT ADDED ENTRY--PERSONAL NAME
Personal name Sri Sai Baba, 1836-1918
General subdivision Teachings
Geographic subdivision ( Maharashtra ) India
650 ## - SUBJECT ADDED ENTRY--TOPICAL TERM
Topical term or geographic name as entry element Hindu saints
General subdivision words
Geographic subdivision ( Maharashtra ) India
700 ## - ADDED ENTRY--PERSONAL NAME
Personal name Chitluri, Vinny
942 ## - ADDED ENTRY ELEMENTS (KOHA)
Source of classification or shelving scheme Dewey Decimal Classification
Item type English Books
Call number suffix BAB
Classification part 230.35
Holdings
Withdrawn status Lost status Source of classification or shelving scheme Damaged status Not for loan Collection code Home library Current library Date acquired Source of acquisition Cost, normal purchase price Total Checkouts Full call number Barcode Date last seen Copy number Cost, replacement price Koha item type
    Dewey Decimal Classification   Not For Loan Non-fiction D.B.Act.Division D.B.Act.Division 01/12/2008 DBAD / PUB 200.00   230.35 BAB EN-75389 26/11/2008 1 200.00 English Books

© Delhi Public Library
Hit Counter
free hit counter